Tkanki zwierzęce - Statystyki

Ogólne statystyki
  • Ten quiz został rozwiązany 5 razy
  • Średni wynik to 9 z 19
Statystyki odpowiedzi
Obrazkowy Odpowiedź % Poprawnych
Krew
80%
Tkanka kostna gąbczasta
80%
Tkanka kostna zbita
80%
Tkanka tłuszczowa
80%
Nabłonek jednowarstwowy wielorzędowy
60%
Nabłonek wielowarstwowy płaski
60%
Tkanka mięśniowa poprzecznie prążkowana serca
60%
Tkanka mięśniowa poprzecznie prążkowana szkieletowa
60%
Nabłonek jednowarstwowy płaski
40%
Nabłonek jednowarstwowy walcowaty
40%
Tkanka chrzęstna sprężysta
40%
Tkanka chrzęstna szklista
40%
Tkanka mięśniowa gładka
40%
Tkanka nerwowa
40%
Nabłonek jednowarstwowy sześcienny
20%
Tkanka chrzęstna włóknista
20%
Tkanka siateczkowa
20%
Tkanka włóknista luźna (wiotka)
20%
Tkanka włóknista zbita (zwarta)
20%
Nie znaleziono quizów pasujących do podanych kryteriów
Rozkład punktacji
Procent ludzi z każdym wynikiem
Percentyl według liczby udzielonych odpowiedzi
Twoja historia wyników
Nie rozwiązałeś tego quizu